000 00854nas a2200277 4500
001 BR2018001908
003 BR-BrBNA
005 20231205131414.0
007 ta
008 230509b bl.|||p| |||| 00| 00por d
040 _aBR-BrBNA
_bpor
_cBiblioteca Nacional de Agricultura
041 _a(Pt)
072 _aK10
100 1 _aFranco, B.K.S.
100 1 _aMartins, S.V.
100 1 _aFaria, P.C.L.
100 1 _aRibeiro, G.A.
100 1 _aMiranda Neto, A.
245 1 _aEstrato de regeneração natural de um trecho de floresta estacional semidecidual, Viçosa, MG
650 _aFLORESTA
650 _aREGENERAÇÃO NATURAL
650 _aCOMPOSIÇÃO BOTÂNICA
773 0 _tRevista Árvore (Brazil)
_xISSN 0100-6762
_g(Jan-Fev 2014), v. 38(1) p. 31-40
_wBR2018001908
909 _a202311
_bLúcia
_c55
_dLúcia Elande
942 _2AGRIS
_n0
_cANA
999 _c254624
_d254624